| 000 | 00650nam a22001817a 4500 | ||
|---|---|---|---|
| 003 | AUA.1 | ||
| 005 | 20251016115616.0 | ||
| 008 | 250714b |||||||| |||| 00| 0 eng d | ||
| 040 | _cJTL | ||
| 100 | _aAwuah, Maxwell Obour Boateng | ||
| 245 |
_aStrategies to enhance youth involvement in church leadership in the Techiman West District, Ghana / _cMaxwell Obour Boateng Awuah. |
||
| 260 | _cc2024. | ||
| 300 |
_aviii, 76 leaves : _bIllustrations : _c30cm. |
||
| 610 |
_aSeventh-day Adventist Church _vTechiman West District, Ghana |
||
| 650 | _aChurch leadership | ||
| 650 | _aChristian youth | ||
| 942 |
_2aua _cPROJECT _hMDiv _i.A98 2024 |
||
| 999 |
_c25226 _d25226 |
||